Manual de gestión y administración educativa : Cómo gestionar, legalizar, liderar y administrar una institución educativa
Guardat en:
| Autor principal: | |
|---|---|
| Altres autors: | |
| Format: | Llibre |
| Idioma: | Spanish |
| Publicat: |
Bogotá :
Cooperativa Editorial Magisterio,
2007.
|
| Col·lecció: | Colección gestión
|
| Matèries: | |
| Accés en línia: | Enlace del recurso |
| Etiquetes: |
Afegir etiqueta
Sense etiquetes, Sigues el primer a etiquetar aquest registre!
|
MARC
| LEADER | 00000cam a2200000 a 4500 | ||
|---|---|---|---|
| 003 | OSt | ||
| 005 | 20160903174345.0 | ||
| 008 | 070129s2007 ck grf 00010dspa d | ||
| 015 | |a ck-2007-xxxx | ||
| 020 | |a 9789582008970 | ||
| 040 | |b spa |c CO-BoIIE | ||
| 041 | 0 | |a spa | |
| 082 | 0 | 4 | |a 371.2 |b P34m |
| 100 | 1 | |a Peinado, Hemel Santiago. |9 372 | |
| 245 | 1 | 0 | |a Manual de gestión y administración educativa : |b Cómo gestionar, legalizar, liderar y administrar una institución educativa |c Hemel Santiago Peinado, José Hobber Rodríguez Sánchez. |
| 260 | 3 | |a Bogotá : |b Cooperativa Editorial Magisterio, |c 2007. | |
| 300 | |a 436 p. : | ||
| 440 | 0 | |a Colección gestión |9 1626 | |
| 650 | 4 | |a Administración educativa |v Manuales. |9 1627 | |
| 650 | 1 | 4 | |a Planificación educativa |v Manuales. |9 1628 |
| 650 | 4 | |a Administración escolar |v Manuales. |9 1629 | |
| 700 | 1 | 2 | |a Rodríguez Sánchez, José Hobber. |9 1630 |
| 942 | |2 ddc |c BK | ||
| 949 | |a n |b n | ||
| 999 | |c 5062 |d 5062 | ||
| 856 | |u https://catalogo.idep.edu.co/cgi-bin/koha/opac-detail.pl?biblionumber=5062 |z Enlace del recurso | ||